Statistiche per Scuderie che hanno vinto almeno 2 Campionati mondiali piloti di F1

Clicka qui per fare il quiz!

Statistiche generali

  • Questo quiz è stato fatto 12 volte
  • Il punteggio medio è 11 su 13

Statistiche sulle risposte

NazioneScuderiaTitoli pilotiStagioni dei titoli piloti% Corretto
ItaliaFerrari151952, 1953, 1956, 1958, 1961, 1964, 1975, 1977, 1979, 2000, 2001, 2002, 2003, 2004, 2007
100%
Regno UnitoMcLaren121974, 1976, 1984, 1985, 1986, 1988, 1989, 1990, 1991, 1998, 1999, 2008
100%
GermaniaMercedes91954, 1955, 2014, 2015, 2016, 2017, 2018, 2019, 2020
100%
Regno Unito / AustriaRed Bull72010, 2011, 2012, 2013, 2021, 2022, 2023
100%
Regno Unito / FranciaRenault22005, 2006
100%
Regno UnitoTeam Lotus61963, 1965, 1968, 1970, 1972, 1978
100%
ItaliaAlfa Romeo21950, 1951
82%
Regno Unito / ItaliaBenetton21994, 1995
82%
Regno UnitoWilliams71980, 1982, 1987, 1992, 1993, 1996, 1997
82%
Regno UnitoBrabham41966, 1967, 1981, 1983
73%
ItaliaMaserati21954, 1957
64%
Regno UnitoTyrrell21971, 1973
64%
Regno UnitoCooper21959, 1960
55%

Distribuzione punteggi

Percentile per numero di risposta

Percentuale di utenti per punteggio

I tuoi punteggi nel tempo

Non hai fatto questo quiz